RWBY Character Allusions - Statistics

General Stats
  • This quiz has been taken 41 times
    24 since last reset
  • The average score is 23 of 99
Answer Stats
Hint Answer % Correct
Nora Valkyrie Thor
100%
Weiss Schnee Snow White
94%
Pyrrha Nikos Achilles
88%
Ruby Rose Little Red Riding Hood
88%
Lie Ren Mulan
81%
Blake Belladona Belle/The Beast
75%
Yang Xiao-Long Goldilocks
75%
Adam Taurus The Beast/Gaston/The Cursed Rose
63%
Cinder Fall Cinderella
56%
Sun Wukong The Monkey King/Sun Wukong
56%
Coco Adel Coco Channel/Hot Cocoa
50%
Neptune Vasilias Neptune/Posiedon
50%
Neon Katt Nyan Cat
50%
Jaune Arc Joan of Ark/The White Rabbit
44%
Penny Polendina Pinnochio
44%
Robyn Hill Robin Hood
44%
Curious Cat The Cheshire Cat
44%
Ozpin Wizard of Oz/Odin
44%
Alyx Alice
38%
Leonardo Lionheart The Cowardly Lion/Leonardo de Vinci
38%
Qrow Branwen The Scarecrow/Munin
38%
James Ironwood The Tin Man
38%
Glynda Goodwitch Glinda the Good Witch
31%
Hazel Rainart Hansel
31%
Scarlet David Peter Pan/Captain Hook
31%
Klein Sieben The Seven Dwarves
31%
Salem Wicked Witch of the West/Rapunzel/Fairy Godmother
31%
Emerald Sustrai Aladdin
25%
Maria Calavera The Grim Reaper
25%
The Red Prince The Red Queen/The Queen of Hearts
25%
Winter Schnee The Snow Queen
25%
Velvet Scarlatina The Velveteen Rabbit/Red Velvet Cake
25%
Juniper The White Rabbit
25%
Neopolitan Hecate/The Mad Hatter
19%
Cardin Winchester Henry Beaufort/Cardinals
19%
Sienna Khan Shere Khan
19%
The Herbalist The Caterpillar
19%
Jinn The Djinn/The Genie of the Lamp
19%
Jabberwalker The Jabberwocky
19%
Summer Rose The Last Rose of Summer/The Huntsman
19%
Tock Tick Tock Croc
19%
Dee Tweedledee
19%
Dudley Tweedledum
19%
Sage Ayana Aesop/The Pilgrim and The Sword
13%
Junior Xiong Baby Bear
13%
Bartholomew Oobleck Bartholomew and the Oobleck
13%
Jacques Schnee Jack Frost/the Evil Queen
13%
Arthur Watts John Watson
13%
Kali Belladonna Kali/Raksha
13%
Lil' Miss Malachite Little Miss Muffet
13%
Mercury Black Mercury/Hermes
13%
Peter Port Peter and the Wolf
13%
Ozma Princess Ozma
13%
Roman Torchwick Romeo Candlewick/Lampwick
13%
Nicholas Schnee Santa Claus
13%
Sky Larks Skylarks
13%
Fria The Blue Fairy/Freya
13%
Ambrosius The Blue Fairy/Merlin
13%
Little The Dormouse
13%
Elm Ederne The Elm and the Vine
13%
Vine Zeki The Elm and the Vine
13%
Harriet Bree The Tortoise and the Hare
13%
Tortuga The Tortoise and the Hare
13%
Russel Thrush Thrushes
13%
Oscar Pine Tip/Princess Ozma
13%
Fox Alistair Todd/Fox Hunter's Pie
13%
Yatsuhashi Daichi Yatsuhashi
13%
Clover Ebi A Fisherman's Good Luck
6%
Arslan Atlan Aslan/Altan
6%
Ghira Belladonna Bagheera
6%
Bartleby Bartleby, the Scrivener
6%
Kobalt Black & Blue Dress
6%
Brawnz Ni Bronze Kneecap
6%
Camilla Camillus
6%
Reese Chloris Chloris
6%
Dove Bronzewing Doves
6%
Fiona Thyme Friar Tuck
6%
Bolin Hori Hebo
6%
Raven Branwen Huginn
6%
Nebula Violette IndieGoGo
6%
Dew Gayl IndieGoGo
6%
Gwen Darcy IndieGoGo
6%
Octavia Ember IndieGoGo
6%
Lewis Lewis Caroll
6%
Joanna Greenleaf Little John
6%
May Marigold Maid Marian
6%
Flynt Coal Minecraft Flint & Coal
6%
Pietro Polendina Mister Geppetto
6%
Rhodes Rhodopis/Prince Charming/Clossus of Rhodes
6%
Roy Stallion Roy Mustang
6%
Saphron Cotta-Arc Sappho of Lesbos
6%
Terra Cotta-Arc Sappho of Lesbos
6%
Corsac Albain Tabaqui
6%
Fennec Albain Tabaqui
6%
The Gods The Brothers Grimm
6%
Marrow Amin The Dog and Its Reflection
6%
Caroline Cordovin The Old Woman who Lived in a Shoe
6%
Tyrian Callows The Scorpion and The Frog
6%
Ivori White & Gold Dress
6%
No matching quizzes found
Score Distribution
Percent of People with Each Score
Percentile by Number Answered
Your Score History
You have not taken this quiz since the last reset